AN OUTLINE OF PSYCHO-ANALYSIS (Record no. 368454)

MARC details
000 -LEADER
fixed length control field 00390nam a2200145Ia 4500
008 - FIXED-LENGTH DATA ELEMENTS--GENERAL INFORMATION
fixed length control field 100122s9999 xx 000 0 und d
082 ## - DEWEY DECIMAL CLASSIFICATION NUMBER
Item number 27115
Classification number 616.8917
100 ## - MAIN ENTRY--PERSONAL NAME
Personal name FRUED SIGMUND
245 ## - TITLE STATEMENT
Title AN OUTLINE OF PSYCHO-ANALYSIS
260 ## - PUBLICATION, DISTRIBUTION, ETC. (IMPRINT)
Name of publisher, distributor, etc THE HOGARTH PRESS
Date of publication, distribution, etc 1949
300 ## - PHYSICAL DESCRIPTION
Extent 84
630 ## - SUBJECT ADDED ENTRY--UNIFORM TITLE
Uniform title AN OUTLINE OF PSYCHO-ANALYSIS
730 ## - ADDED ENTRY--UNIFORM TITLE
Uniform title AN OUTLINE OF PSYCHO-ANALYSIS
942 ## - ADDED ENTRY ELEMENTS (KOHA)
Koha item type Book
Holdings
Withdrawn status Lost status Damaged status Not for loan Home library Current library Date acquired Cost, normal purchase price Total Checkouts Full call number Barcode Date last seen Cost, replacement price Price effective from Koha item type Public note
        S.V. Pathak Library, Vile Parle S.V. Pathak Library, Vile Parle 11/15/1978 10.00   27115 SVPPARLE-27115 01/25/2010 10.00 01/25/2010 Book ", , General, NA"